Optimizing Project Cost: An Insight into Contractor's Cash Flow / (Record no. 528175)

000 -LEADER
fixed length control field 00563nam a22001577a 4500
020 ## - INTERNATIONAL STANDARD BOOK NUMBER
Qualifying information HBK
082 ## - DEWEY DECIMAL CLASSIFICATION NUMBER
Classification number 624.1
100 ## - MAIN ENTRY--PERSONAL NAME
Personal name Khan, Muhammad Adnan Alam
245 ## - TITLE STATEMENT
Title Optimizing Project Cost: An Insight into Contractor's Cash Flow /
Statement of responsibility, etc. Muhammad Adnan Alam Khan
260 ## - PUBLICATION, DISTRIBUTION, ETC.
Place of publication, distribution, etc. Islamabad:
Name of publisher, distributor, etc. NIT - SCEE - NUST,
Date of publication, distribution, etc. 2018.
300 ## - PHYSICAL DESCRIPTION
Extent 64 p. : ill. ;
Dimensions 30cm.
942 ## - ADDED ENTRY ELEMENTS (KOHA)
Source of classification or shelving scheme
Koha item type Thesis
650 ## - SUBJECT ADDED ENTRY--TOPICAL TERM
Topical term or geographic name entry element Construction Engineering and Management - MS Thesis.
700 ## - ADDED ENTRY--PERSONAL NAME
Personal name Sup: Dr. Muhammad Jamaluddin Thaheem.
650 ## - SUBJECT ADDED ENTRY--TOPICAL TERM
-- 17023
700 ## - ADDED ENTRY--PERSONAL NAME
-- 19773
Holdings
Withdrawn status Lost status Source of classification or shelving scheme Damaged status Not for loan Permanent Location Current Location Shelving location Date acquired Total Checkouts Full call number Barcode Date last seen Price effective from Koha item type
          Central Library (CL) Central Library (CL) Thesis 08/31/2019   624.1 CL-T-2028 08/31/2019 08/31/2019 Thesis
© 2023 Central Library, National University of Sciences and Technology. All Rights Reserved.